História e imprensa : homenagem a barbosa lima sobrinho - 100 anos :

Guardado en:
Otros Autores: Neves, Lúcia Maria Bastos Pereira das, Morel, Marco
Formato: Libro
Publicado: Rio de Janeiro : Uerj, Instituto de Filosofia e Ciências Humanas, 1998.
Materias:
Etiquetas: Agregar Etiqueta
Sin Etiquetas, Sea el primero en etiquetar este registro!
LEADER 00798nam a22002175a 4500
001 EHU.bham041981
003 AR-BHAM
005 20130308115046.0
008 130507s1998##################000#0#####d
082 6 5 |a 655.981 
245 0 0 |a História e imprensa :  |b homenagem a barbosa lima sobrinho - 100 anos :  |c  Org. Por Lúcia Maria Bastos Pereira Das Neves, Marco Morel 
260 |a Rio de Janeiro :  |b Uerj, Instituto de Filosofia e Ciências Humanas,  |c 1998. 
300 |a 116 p. 
600 1 4 |a Sobrinho, Barbosa Lima 
653 |a Imprenta y política 
653 |a Brasil-política y gobierno 
653 |a Política brasileña 
653 |a Brasil-historia de 
700 1 |a Neves, Lúcia Maria Bastos Pereira das 
700 1 |a Morel, Marco 
859 |a AR-BHAM  |b BIB. HUMANIDADES - General  |h 655.981  |i H69  |p 329.09  |t Ej.1